000 00849 aa a2200229 4500
005 20120614114156.0
010 _a
020 _c150.00
_a8189347853
035 _aB-184371
037 _bpub
082 _a608
100 _aपाण्डेय, पृथ्वीनाथ
_949046
245 _aविज्ञान के बढ़ते कदम /
_cपृथ्वीनाथ पाण्डेय
246 _a
_b
260 _aभोपाल
_bसोनम प्रकाशन
_c2005
270 _a
_b
_e
300 _a122पृ
_c22 सेमी (सजिल्द)
_b
490 _a
_949047
700 _a
_949038
942 _adpl
_cHN
_k
_2ddc
_h608
_mपाण्डेय
999 _c67905
_d67905